00323nam a2200097Ia 4500008004100000041000800041100002100049245008200070260005400152999001900206241105s9999 xx 000 0 und d aeng aDhamne Vrushali. aFormulation Of Strategies For Mitigating Urban Floods In The City Of Nashik.  bBNCA M Arch Environment Architecture., Punec2019 c361775d361775